| 000 | 00766cam a2200289 4500500 | ||
|---|---|---|---|
| 005 | 20260405003043.0 | ||
| 041 | _afre | ||
| 042 | _adc | ||
| 100 | 1 | 0 |
_aRontard, Yseult _eauthor |
| 245 | 0 | 0 | _aRepérages/Juillet 2020 |
| 260 | _c2020. | ||
| 500 | _a81 | ||
| 690 | _aCovid-19 | ||
| 690 | _aDistance | ||
| 690 | _aEmanuele Coccia | ||
| 690 | _aMachiavel | ||
| 690 | _aManger | ||
| 690 | _aNajat Vallaud-Belkacem | ||
| 690 | _aPeter Sloterdijk | ||
| 690 | _aPlante | ||
| 690 | _aPoids | ||
| 690 | _aSartre | ||
| 690 | _aScience | ||
| 690 | _aVirus | ||
| 786 | 0 | _nPhilosophie magazine | 140 | 7 | 2020-07-01 | p. 4-4 | 1951-1787 | |
| 856 | 4 | 1 | _uhttps://shs.cairn.info/magazine-philosophie-magazine-2020-7-page-4?lang=fr&redirect-ssocas=7080 |
| 999 |
_c2063967 _d2063967 |
||